Statistics for country

Click here to take the quiz!

General Stats

  • This quiz has been taken 22 times
  • The average score is 4 of 5

Answer Stats

QuestionAnswer% Correct
what is the biggest country that borders russiachina
90%
what is the biggest countryrussia
90%
what is the smallest countryvatican city
90%
which country borders iraqsyria
65%
what is the biggest island countryaustrailia
55%

Score Distribution

Percentile by Number Answered

Percent of People with Each Score

Your Score History

You have not taken this quiz